Catálogo
 En Linea

Manual de bombas centrífugas : (Registro nro. 22492)

Detalles MARC
000 -CABECERA
campo de control de longitud fija 00648nam a2200193 a 4500
001 - NÚMERO DE CONTROL
campo de control 000022995
005 - FECHA Y HORA DE LA ÚLTIMA TRANSACCIÓN
campo de control 20200930021923.0
008 - DATOS DE LONGITUD FIJA--INFORMACIÓN GENERAL
campo de control de longitud fija 101124s1969 sp ad r 001 0 spa d
040 ## - FUENTE DE LA CATALOGACIÓN
Centro catalogador/agencia de origen DO-SdBNP
Lengua de catalogación spa
Centro/agencia transcriptor BNPHU
082 ## - NÚMERO DE LA CLASIFICACIÓN DECIMAL DEWEY
Número de clasificación 621.670202
Número de documento/Ítem F386m
049 ## - FONDOS LOCALES (OCLC)
Fondos de biblioteca BNGR
100 1# - ENTRADA PRINCIPAL--NOMBRE DE PERSONA
Nombre de persona Ferrero, José H.
9 (RLIN) 47299
245 10 - MENCIÓN DE TÍTULO
Título Manual de bombas centrífugas :
Resto del título cálculo, construcción y aplicación /
Mención de responsabilidad, etc. José J. Ferrero.
260 ## - PUBLICACIÓN, DISTRIBUCIÓN, ETC.
Lugar de publicación, distribución, etc. Madrid :
Nombre del editor, distribuidor, etc. Alhambra,
Fecha de publicación, distribución, etc. 1969.
300 ## - DESCRIPCIÓN FÍSICA
Extensión xi, 168 p. :
Otras características físicas il., diag. , ;
Dimensiones 23 cm.
500 ## - NOTA GENERAL
Nota general Incluye índice alfabético.
650 #4 - PUNTO DE ACCESO ADICIONAL DE MATERIA--TÉRMINO DE MATERIA
Término de materia o nombre geográfico como elemento de entrada Bombas centrífugas
Subdivisión general Manuales
9 (RLIN) 47300
650 #4 - PUNTO DE ACCESO ADICIONAL DE MATERIA--TÉRMINO DE MATERIA
Término de materia o nombre geográfico como elemento de entrada Equipos de tratamiento de agua
9 (RLIN) 47301
Existencias
Estado de retiro Estado de pérdida Restricciones de uso No para préstamo Código de colección Localización permanente Ubicación/localización actual Ubicación en estantería Fecha de adquisición Número de inventario Total de préstamos Signatura topográfica completa Código de barras Fecha visto por última vez Precio válido a partir de Tipo de ítem Koha
        Monografías: Libros y Folletos General General En catalogación 24.11.2010 LF1   621.670202 F386m 22995-10 25.06.2020 25.06.2020 Préstamo en sala

Con tecnología Koha